<?xml version="1.0" encoding="UTF-8"?>
<record
    xmlns:xsi="http://www.w3.org/2001/XMLSchema-instance"
    xsi:schemaLocation="http://www.loc.gov/MARC21/slim http://www.loc.gov/standards/marcxml/schema/MARC21slim.xsd"
    xmlns="http://www.loc.gov/MARC21/slim">

  <leader>00987nam a2200205 i 4500</leader>
  <controlfield tag="001">75466</controlfield>
  <controlfield tag="003">ES-MaACL</controlfield>
  <controlfield tag="007">t|</controlfield>
  <controlfield tag="008">040924s1982    sp           ||||1| spa d</controlfield>
  <datafield tag="100" ind1="1" ind2=" ">
    <subfield code="a">Grass&#xE9;, Pierre Paul.</subfield>
    <subfield code="9">59698</subfield>
  </datafield>
  <datafield tag="245" ind1="1" ind2="0">
    <subfield code="a">Manual de zoolog&#xED;a / </subfield>
    <subfield code="c">por P.P. Grass&#xE9; ; versi&#xF3;n de Carlos Lastra L&#xF3;pez y Nuria Anad&#xF3;n Alvarez ; Gilberto S&#xE1;nchez Jard&#xF3;n ; supervisi&#xF3;n: Emilio Anad&#xF3;n.</subfield>
  </datafield>
  <datafield tag="260" ind1=" " ind2=" ">
    <subfield code="a">[Barcelona] : </subfield>
    <subfield code="b">Toray-Masson, </subfield>
    <subfield code="c">1982.</subfield>
  </datafield>
  <datafield tag="300" ind1=" " ind2=" ">
    <subfield code="a">4 v. : </subfield>
    <subfield code="b">il. ; </subfield>
    <subfield code="c">21 cm.</subfield>
  </datafield>
  <datafield tag="505" ind1="8" ind2=" ">
    <subfield code="a">Contiene: T. I: Invertebrados. -- T. II: Vertebrados. -- T. III: Vertebrados. Reproducci&#xF3;n, biolog&#xED;a, evoluci&#xF3;n y sistem&#xE1;tica. Agnatos, peces, anfibios y reptiles. T. IV: Invertebrados. Reproducci&#xF3;n, biolog&#xED;a, evoluci&#xF3;n y sistem&#xE1;tica. Aves y mam&#xED;feros.</subfield>
  </datafield>
  <datafield tag="700" ind1="1" ind2=" ">
    <subfield code="a">Lastra L&#xF3;pez, Carlos.</subfield>
    <subfield code="9">70501</subfield>
  </datafield>
  <datafield tag="700" ind1="1" ind2=" ">
    <subfield code="a">S&#xE1;nchez Jard&#xF3;n, Gilberto.</subfield>
    <subfield code="9">102711</subfield>
  </datafield>
  <datafield tag="700" ind1="1" ind2=" ">
    <subfield code="a">Anad&#xF3;n Alvarez, Nuria.</subfield>
    <subfield code="9">21367</subfield>
  </datafield>
  <datafield tag="700" ind1="1" ind2=" ">
    <subfield code="a">Anad&#xF3;n, Emilio.</subfield>
    <subfield code="9">21366</subfield>
  </datafield>
  <datafield tag="852" ind1=" " ind2=" ">
    <subfield code="a">ES-MaACL</subfield>
    <subfield code="j">L-83003-3 </subfield>
    <subfield code="b">R.103394</subfield>
  </datafield>
  <datafield tag="999" ind1=" " ind2=" ">
    <subfield code="c">75466</subfield>
    <subfield code="d">75466</subfield>
  </datafield>
  <datafield tag="952" ind1=" " ind2=" ">
    <subfield code="0">0</subfield>
    <subfield code="1">0</subfield>
    <subfield code="4">0</subfield>
    <subfield code="7">0</subfield>
    <subfield code="a">ATENEOM</subfield>
    <subfield code="b">ATENEOM</subfield>
    <subfield code="c">DEPO2</subfield>
    <subfield code="d">2008-01-17</subfield>
    <subfield code="e">SC</subfield>
    <subfield code="l">0</subfield>
    <subfield code="o">L-83003-3</subfield>
    <subfield code="p">1078991</subfield>
    <subfield code="r">2023-02-23 00:00:00</subfield>
    <subfield code="w">2023-02-23</subfield>
    <subfield code="y">MONOGRAFIA</subfield>
  </datafield>
</record>
